[Event "Hoogovens-B"]
[Site "Wijk aan Zee"]
[Date "1977.??.??"]
[Round "11"]
[White "Szmetan, Jorge"]
[Black "Witt, Rob"]
[Result "1/2-1/2"]
[WhiteElo "2435"]
[BlackElo "2260"]

1.Nf3 Nf6 2.c4 g6 3.Nc3 Bg7 4.e4 d6 5.d4 O-O 6.Be2 e5 7.O-O Nc6 8.d5 Ne7
9.Nd2 a5 10.b3 Nd7 11.Ba3 Nc5 12.b4 axb4 13.Bxb4 Na6 14.Ba3 b6 15.Nb3 f5
16.Bc1 Nc5 17.Nxc5 bxc5 18.a4 Kh8 19.Ra3 Ng8 20.exf5 gxf5 21.f4 e4 22.Be3 Nf6
23.Kh1 Qe7 24.h3 Rg8 25.Qe1 Bf8 26.Bd2 Qg7 27.Rg1 Be7 28.Nb5 Bd8 29.Bc3 Qh6
30.Qf2 Kg7 31.Qg3+ Kf7 32.Qh2 Bd7 33.a5 Bc8 34.Bb2 Qh4 35.g4 fxg4 36.Bxf6 Qxf6
37.hxg4 Kf8 38.Rh3 Rxa5 39.Rxh7 Ra1 40.g5 Rxg1+ 41.Kxg1 Bf5 42.Qh6+ Qxh6
43.Rxh6 Ke8 44.Bh5+ Kf8 45.Nxc7 Bxg5 46.fxg5 Rxg5+ 47.Kf2 Kg7 48.Rxd6 Rxh5
49.Ne6+ Kg8 50.Nxc5 Rh3 51.Ra6 Rc3 52.Ra4 e3+ 53.Kf3 Bc2 54.Ra8+ Kf7 55.Nd7 Bd1+
56.Kg2 e2 57.Ne5+ Ke7 58.Kf2 Re3 59.Ra7+ Kd6 60.Nf7+ Kc5 61.Ke1 Rf3 62.Re7 Rf1+
63.Kd2 e1=Q+ 64.Rxe1 Rxf7 65.Rxd1 Kxc4 66.Ke3 Kc5 67.Ke4 Re7+  1/2-1/2

[Event "JUG-ch"]
[Site "Zagreb"]
[Date "1977.??.??"]
[Round "13"]
[White "Ljubojevic, Ljubomir"]
[Black "Vukic, Milan"]
[Result "1-0"]
[WhiteElo "2615"]
[BlackElo "2495"]

1.d4 Nf6 2.Nf3 g6 3.c4 Bg7 4.Nc3 O-O 5.e4 d6 6.Be2 e5 7.O-O Nc6 8.d5 Ne7
9.Be3 Ng4 10.Bd2 f5 11.Ng5 Nf6 12.exf5 Nxf5 13.Bd3 c5 14.Kh1 Re8 15.f4 exf4
16.Rxf4 Bh6 17.Nce4 Bd7 18.Rf1 Bg7 19.Qf3 Rf8 20.Qh3 h6 21.Ne6 Bxe6 22.dxe6 Qe7
23.Ng3 Nxg3+ 24.hxg3 Nh7 25.Bxg6 Ng5 26.Bxg5 Rxf1+ 27.Rxf1 Qxg5 28.Qh5 Qe3
29.Bf7+ Kh8 30.Kh2 Bf8 31.Rf6 Qg5 32.Qf3 Bg7 33.Rf5 Qe7 34.Qh5 Rc8 35.Qg6 Qf8
36.Rh5 Rc7 37.b3 a6 38.a4 b6 39.Kh3 Rb7 40.g4  1-0

[Event "Holmsgaard mem"]
[Site "Norresundby"]
[Date "1978.10.14"]
[Round "1"]
[White "Brinck Claussen, Bjorn"]
[Black "Kristiansen, Jens"]
[Result "0-1"]
[WhiteElo "2397"]
[BlackElo "2410"]

1.d4 Nf6 2.c4 g6 3.Nc3 Bg7 4.e4 d6 5.Be2 O-O 6.Nf3 e5 7.O-O Nc6 8.d5 Ne7
9.Ne1 Nd7 10.Nd3 f5 11.exf5 Nxf5 12.Bg4 Nf6 13.Bg5 Qe8 14.Bxf6 Bxf6 15.Re1 h5
16.Bh3 g5 17.Bxf5 Bxf5 18.Ne4 Qg6 19.Qe2 g4 20.Rac1 Rf7 21.Rc3 Raf8 22.a4 Bh4
23.g3 Bd8 24.c5 h4 25.Rb3 hxg3 26.Nxg3 Bxd3 27.Qxd3 Qxd3 28.Rxd3 Rxf2 29.Rb3 b6
30.cxb6 cxb6 31.Rb4 R2f4 32.Ree4 Bh4 33.Rxf4 exf4 34.Ne2 Bg5 35.Rc4 f3 36.Ng3 Be3+
37.Kf1 Rf4 38.Ne4 Rf5 39.Nf2 Rxd5 40.Rxg4+ Kf8 41.Rg3 Rf5 42.Nd3 Ke7 43.Ne1 Bd4
44.b4 f2 45.Nc2 Be5 46.Rg2 Rh5 47.Kxf2 Rxh2 48.Rxh2 Bxh2 49.Nd4 Kd7 50.b5 Be5
51.Nc6 a5 52.Ke3 Bf6 53.Ke4 Ke6 54.Na7 d5+ 55.Kd3 Kd6 56.Nc6 Kc5 57.Na7 Kb4
58.Nc8 Bd8 59.Kd4 Kxa4 60.Kxd5 Kxb5 61.Na7+ Ka6 62.Nc6 Bh4 63.Kc4 b5+ 64.Kb3 Kb6
65.Ne5 a4+ 66.Ka2 b4 67.Nc4+ Kc5 68.Nb2 Kb5 69.Nd3 Bf6  0-1

[Event "Amsterdam zt"]
[Site "Amsterdam"]
[Date "1978.??.??"]
[Round "11"]
[White "Stean, Michael"]
[Black "Ligterink, Gert"]
[Result "1-0"]
[WhiteElo "2510"]
[BlackElo "2440"]

1.c4 Nf6 2.Nc3 g6 3.e4 d6 4.d4 Bg7 5.Be2 O-O 6.Nf3 e5 7.O-O Nc6 8.d5 Ne7
9.Ne1 Nd7 10.Nd3 f5 11.Bd2 Nf6 12.f3 f4 13.c5 g5 14.Rc1 Ng6 15.cxd6 cxd6
16.Nb5 Rf7 17.Qc2 Ne8 18.a4 h5 19.Nf2 Bf8 20.h3 Rg7 21.Nxa7 Bd7 22.Nb5 Nh4
23.Qb3 g4 24.fxg4 Nf6 25.Nc7 Bxa4 26.Qxb7 Rb8 27.Qa6 Bd7 28.Ne6 Bxe6 29.dxe6 d5
30.Ba5 Qe8 31.e7 Qxe7 32.Rc7 Nd7 33.exd5 Rxb2 34.Bc3 Rg6 35.d6  1-0

[Event "Bogota"]
[Site "Bogota"]
[Date "1978.??.??"]
[Round "?"]
[White "Panno, Oscar"]
[Black "Zapata, Alonso"]
[Result "0-1"]
[WhiteElo "2580"]
[BlackElo "2355"]

1.Nf3 Nf6 2.c4 g6 3.Nc3 Bg7 4.e4 O-O 5.d4 d6 6.Be2 e5 7.O-O Nc6 8.d5 Ne7
9.Ne1 Nd7 10.Nd3 f5 11.Bd2 Nf6 12.f3 c5 13.Rb1 f4 14.b4 b6 15.bxc5 bxc5 16.Qa4 g5
17.Nf2 h5 18.h3 Rf7 19.Rb2 Bf8 20.Rfb1 Rg7 21.Qd1 Kh7 22.Rb8 Rxb8 23.Rxb8 Qc7
24.Rb3 Neg8 25.Nb5 Qf7 26.Ba5 Nh6 27.Bd8 Ne8 28.Kf1 a6 29.Nc3 Qd7 30.Ba5 Bb7
31.Qb1 Nf6 32.Bd8 Nhg8 33.Bd1 Bc8 34.Ba5 Qf7 35.Rb8 Bd7 36.Qb7 Be7 37.Na4 g4
38.hxg4 hxg4 39.Nb6 gxf3 40.Bxf3 Bg4 41.Nc8 Bxf3 42.gxf3 Qh5 43.Ke2 Bf8 44.Qb1 Rg2
45.Be1 Nh6 46.Rb7+ Kg6 47.Ne7+ Bxe7 48.Rxe7 Nf7 49.Re6 Ng5 50.Qd3 Qh2 51.Rxd6 Nh3
52.Qb3 Nxf2 53.Rxf6+ Kxf6 54.Qb6+ Kg7 55.Qc7+ Kh6 56.Qd8 Ng4+ 57.Kd3 Qh5
58.Qh8+ Kg5 59.Qg8+ Qg6 60.Qc8 Qh7 61.Qxc5 Qg7 62.Bb4 Nf2+ 63.Kc3 Nd1+ 64.Kb3 Rf2  0-1

[Event "Bogota"]
[Site "Bogota"]
[Date "1978.??.??"]
[Round "?"]
[White "Hernandez, Roman"]
[Black "Zapata, Alonso"]
[Result "1-0"]
[WhiteElo "2465"]
[BlackElo "2355"]

1.c4 g6 2.Nc3 Bg7 3.d4 Nf6 4.e4 O-O 5.Nf3 d6 6.Be2 e5 7.O-O Nc6 8.d5 Ne7
9.Nd2 Nd7 10.b4 f5 11.f3 c5 12.dxc6 bxc6 13.Nb3 Nf6 14.Bg5 Be6 15.Qd2 Qc7
16.Rac1 Rad8 17.b5 c5 18.a4 f4 19.Rc2 h6 20.Bxf6 Rxf6 21.Nd5 Nxd5 22.cxd5 Bc8
23.Na5 Kh7 24.Nc6 Rg8 25.Qa5 Qxa5 26.Nxa5 Rf7 27.Nc6 Rb7 28.a5 Bd7 29.Rb2 Ra8
30.b6 axb6 31.Rxb6 Rc7 32.Rfb1 c4 33.a6 c3 34.Rc1 Bxc6 35.dxc6 Rac8 36.Rxc3 d5
37.Rb7 d4 38.Rc4 Rxc6 39.a7  1-0

[Event "HUN-ch"]
[Site "Budapest"]
[Date "1978.??.??"]
[Round "?"]
[White "Petran, Pal"]
[Black "Orso, Miklos"]
[Result "1/2-1/2"]
[WhiteElo "2400"]
[BlackElo "2350"]

1.Nf3 Nf6 2.c4 g6 3.Nc3 Bg7 4.d4 O-O 5.e4 d6 6.Be2 e5 7.O-O Nc6 8.d5 Ne7
9.Ne1 Ne8 10.Nd3 f5 11.f4 fxe4 12.Nxe4 c6 13.fxe5 Rxf1+ 14.Qxf1 dxe5 15.Bg5 cxd5
16.cxd5 Qb6+ 17.Ndc5 Nf5 18.Kh1 h6 19.Bd2 Ned6 20.b3 Kh7 21.Bc4 Qd8 22.Bc3 Nxe4
23.Nxe4 b5 24.Bxb5 Qxd5 25.Re1 Bb7 26.Ba6 Rf8 27.Qe2 Bxa6 28.Qxa6 Nd4 29.Qd3 Qb5
30.Qxb5 Nxb5 31.Bb2 Rc8 32.Rc1 Rxc1+ 33.Bxc1 Nd4 34.Be3 Kg8 35.g4 Kf7 36.Kg2 Ke6
37.Bxd4 exd4 38.Kf3 Kd5 39.Nd2 Kc5 40.a3 Kd5 41.h3 Bf8 42.Nc4 Bc5 43.Ke2 Ke4
44.Nd2+ Kf4 45.b4 Be7 46.Nb3 d3+ 47.Kxd3 Kg3 48.Ke4 Kxh3 49.Kf3 h5 50.gxh5 gxh5
51.Nd4 Bf6 52.Ne6 Kh2 53.Nf4 h4 54.Kg4 Kg1 55.a4 Kf2 56.b5 Bd8 57.Ng6 Ke3
58.Ne5 Ke4 59.Nc6 Bb6 60.a5 Bxa5  1/2-1/2

[Event "Buenos Aires ol (Men)"]
[Site "Buenos Aires"]
[Date "1978.??.??"]
[Round "?"]
[White "Stean, Michael"]
[Black "Biyiasas, Peter"]
[Result "1/2-1/2"]
[WhiteElo "2510"]
[BlackElo "2450"]

1.Nf3 Nf6 2.c4 g6 3.Nc3 Bg7 4.e4 d6 5.d4 O-O 6.Be2 e5 7.O-O Nc6 8.d5 Ne7
9.Ne1 Nd7 10.Nd3 f5 11.Bd2 c5 12.f4 a6 13.Qb3 fxe4 14.Nxe4 Nf5 15.Bg4 b5
16.Bxf5 gxf5 17.Nxd6 e4 18.Ne5 Nxe5 19.fxe5 Bxe5 20.Nxc8 Qxc8 21.Bf4 Bd4+
22.Kh1 Qd7 23.cxb5 axb5 24.a4  1/2-1/2

[Event "ARG-ch"]
[Site "Buenos Aires"]
[Date "1978.??.??"]
[Round "?"]
[White "Bronstein, Luis"]
[Black "Szmetan, Jorge"]
[Result "1-0"]
[WhiteElo "2400"]
[BlackElo "2420"]

1.c4 g6 2.d4 Bg7 3.Nc3 d6 4.Nf3 Nf6 5.e4 O-O 6.Be2 e5 7.O-O Nc6 8.d5 Ne7
9.Nd2 a5 10.b3 Nd7 11.Rb1 f5 12.a3 Nf6 13.b4 axb4 14.axb4 Bh6 15.exf5 gxf5
16.c5 Kh8 17.Nc4 Bxc1 18.Rxc1 f4 19.cxd6 cxd6 20.Nb5 Nf5 21.Ra1 Rxa1 22.Qxa1 Rg8
23.Kh1 Ne4 24.Bf3 Qd7 25.Bxe4 Qxb5 26.Rc1 Nd4 27.Nxd6 Qe2 28.Rc7 Rf8 29.f3  1-0

[Event "Buenos Aires ol (Men)"]
[Site "Buenos Aires"]
[Date "1978.??.??"]
[Round "?"]
[White "Schmidt, Wlodzimierz"]
[Black "Torre, Eugenio"]
[Result "1/2-1/2"]
[WhiteElo "2505"]
[BlackElo "2490"]

1.Nf3 Nf6 2.c4 g6 3.Nc3 Bg7 4.e4 d6 5.d4 O-O 6.Be2 e5 7.O-O Nc6 8.d5 Ne7
9.Nd2 c5 10.dxc6 bxc6 11.b4 d5 12.Ba3 d4 13.Na4 Bh6 14.Nc5 Re8 15.Ndb3 Nd7
16.Re1 Kh8 17.Rb1 a6 18.Bc1 Bg7 19.Bd2 Qc7 20.Qc2 Ng8 21.b5 Nxc5 22.Nxc5 cxb5
23.cxb5 axb5 24.Bxb5 Rd8 25.Rec1 Nf6 26.Qb3 Qe7 27.Bb4 Qa7 28.a4 Rb8 29.Qc4 Ne8
30.Bc6 Nd6 31.Qc2 Bh6 32.Re1 Qc7 33.Bd5 Bb7 34.Bb3 Ba8 35.Ba3 Qa5 36.Qa2 Rbc8
37.Nd3 Bxe4 38.Bxd6 Bxd3 39.Bxe5+ Bg7 40.Bxg7+ Kxg7 41.Rbd1 Rd7  1/2-1/2

[Event "URS-ch sf"]
[Site "Daugavpils"]
[Date "1978.??.??"]
[Round "?"]
[White "Rashkovsky, Nukhim N"]
[Black "Gufeld, Eduard"]
[Result "1-0"]
[WhiteElo "2505"]
[BlackElo "2525"]

1.Nf3 g6 2.c4 Bg7 3.e4 d6 4.d4 Nf6 5.Nc3 O-O 6.Be2 e5 7.O-O Nc6 8.d5 Ne7
9.Ne1 Nd7 10.Nd3 f5 11.f3 Nf6 12.Bd2 f4 13.c5 g5 14.cxd6 cxd6 15.Rc1 Ng6
16.Nb5 Rf7 17.Qc2 Ne8 18.a4 h5 19.Nf2 Bf8 20.b4 Rg7 21.Nxa7 Rc7 22.Nc6 bxc6
23.dxc6 g4 24.fxg4 Nf6 25.gxh5 Nh4 26.g3 Rh7 27.b5 Nxh5 28.Qb3+ Kh8 29.Bxh5 Rxh5
30.b6 Rh7 31.b7 Rb8 32.c7 Rxc7 33.Rxc7 Qxc7 34.bxc8=Q Qxc8 35.Qc3 Qxc3 36.Bxc3 Rb3
37.Nd1 Ng6 38.gxf4 Bh6 39.fxe5 dxe5 40.a5 Bf4 41.Kf2 Bc1 42.Kg3 Kg7 43.Kg4 Ra3
44.h4 Ra4 45.h5 Ne7 46.Bxe5+ Kg8 47.Nc3 Rxa5 48.Bf6 Bb2 49.Rb1 Ra6 50.Rxb2 Rxf6
51.Nd5 Re6 52.Nxe7+ Rxe7 53.Kf5 Ra7 54.e5 Ra6 55.e6 Ra5+ 56.Kf6 Ra6 57.Rb8+ Kh7
58.Kf7 Ra1 59.e7 Rf1+ 60.Ke6 Re1+ 61.Kd6 Rd1+ 62.Kc5 Rc1+ 63.Kd4 Rd1+ 64.Kc3  1-0

[Event "URS-ch sf"]
[Site "Daugavpils"]
[Date "1978.??.??"]
[Round "?"]
[White "Rashkovsky, Nukhim N"]
[Black "Vitolinsh, Alvis"]
[Result "1-0"]
[WhiteElo "2505"]
[BlackElo "2415"]

1.Nf3 Nf6 2.c4 g6 3.Nc3 Bg7 4.e4 O-O 5.d4 d6 6.Be2 e5 7.O-O Nc6 8.d5 Ne7
9.Ne1 Nd7 10.Nd3 f5 11.Bd2 Nf6 12.f3 f4 13.c5 g5 14.cxd6 cxd6 15.Rc1 Ng6
16.Nb5 Rf7 17.Qc2 Ne8 18.a4 h5 19.Nf2 Bd7 20.Qb3 Nh4 21.Rc2 a6 22.Na3 Bf8
23.Rfc1 Rg7 24.h3 g4 25.fxg4 hxg4 26.hxg4 Rc8 27.Rxc8 Bxc8 28.Nc4 Nf6 29.Qh3 Rh7
30.Ba5 Qe8 31.Nb6 Bd7 32.Nxd7 Nxd7 33.g5 Nc5 34.Bb4 Ng6 35.Qf5 Nh4 36.Qg4 Ng6
37.Bxc5 dxc5 38.Rd1 Rd7 39.Qf5 Nh4 40.Qh3 Ng6  1-0

[Event "Esbjerg"]
[Site "Esbjerg"]
[Date "1978.??.??"]
[Round "8"]
[White "Ogaard, Leif"]
[Black "Westerinen, Heikki MJ"]
[Result "0-1"]
[WhiteElo "2435"]
[BlackElo "2450"]

1.d4 Nf6 2.c4 g6 3.Nc3 Bg7 4.e4 d6 5.Be2 O-O 6.Nf3 e5 7.O-O Nc6 8.d5 Ne7
9.Nd2 Nd7 10.b4 f5 11.Ba3 fxe4 12.Ndxe4 Nf5 13.c5 Nf6 14.b5 Ne8 15.Bd3 Nd4
16.Ne2 Nf5 17.Rb1 Rf7 18.Rb3 Kh8 19.Qc2 Bh6 20.Bc1 Bxc1 21.Qxc1 Nf6 22.Nxf6 Qxf6
23.Rc3 Ne7 24.cxd6 cxd6 25.Ng3 Bf5 26.Be4 Raf8 27.Qd2 Qh4 28.Rc4 Qf4 29.Qd3 Rc8
30.Rxc8+ Nxc8 31.Qc2 Nb6 32.a4 Bxe4 33.Nxe4 Nxd5 34.Nxd6 Rc7 35.Qb3 Nc3 36.Qe6 Ne2+
37.Kh1 Rc1 38.Qe8+ Kg7 39.Qe7+ Kh6 40.Nf7+ Kh5 41.g4+ Qxg4  0-1

[Event "Wch U20"]
[Site "Graz"]
[Date "1978.??.??"]
[Round "2"]
[White "Morrison, Graham"]
[Black "Duer, Arne"]
[Result "1-0"]
[WhiteElo "2200"]
[BlackElo "2365"]

1.c4 g6 2.d4 Nf6 3.Nc3 Bg7 4.e4 d6 5.Be2 O-O 6.Nf3 e5 7.O-O Nc6 8.d5 Ne7
9.Ne1 Nd7 10.Nd3 f5 11.Bd2 Nf6 12.f3 f4 13.c5 g5 14.Rc1 Ng6 15.cxd6 cxd6
16.Nb5 Rf7 17.Qc2 g4 18.Nc7 gxf3 19.gxf3 Bh3 20.Ne6 Qb6+ 21.Rf2 Bh6 22.Qb3 Nf8
23.Qxb6 axb6 24.Nc7 Rd8 25.Bf1 Bc8 26.Nb5 Ne8 27.Bb4 Rf6 28.Rfc2 Bd7 29.Ne1 Bg5
30.Na3 Rg6 31.Kh1 Rb8 32.Bb5 Rg7 33.Nd3 Bd8 34.b3 Ra8 35.Bxd7 Rxd7 36.Nb5 Ng6
37.a3 Nh8 38.Rg1+ Ng6 39.Nxd6 Rxd6 40.Bxd6 Nxd6 41.Nxe5 Kg7 42.Rcg2 Bf6 43.Nxg6  1-0

[Event "Wch U20"]
[Site "Graz"]
[Date "1978.??.??"]
[Round "3"]
[White "Petursson, Margeir"]
[Black "Duer, Arne"]
[Result "1/2-1/2"]
[WhiteElo "2350"]
[BlackElo "2365"]

1.c4 g6 2.e4 Bg7 3.d4 d6 4.Nc3 Nf6 5.Be2 O-O 6.Nf3 e5 7.O-O Nc6 8.d5 Ne7
9.b4 Nh5 10.c5 Nf4 11.Bxf4 exf4 12.Rc1 h6 13.h3 g5 14.Nd2 Ng6 15.a4 Ne5 16.a5 h5
17.Nf3 g4 18.hxg4 hxg4 19.Nxe5 Bxe5 20.Bxg4 Qh4 21.Bxc8 Raxc8 22.Qf3 Kg7
23.g3 fxg3 24.fxg3 Qxg3+ 25.Qxg3+ Bxg3 26.Nb5 a6 27.Nd4 Rg8 28.Nf5+ Kf8 29.Nxg3 Rxg3+
30.Kf2 Rg6 31.cxd6 Rxd6 32.Rc5 Rf6+ 33.Ke2 Rxf1 34.Kxf1 Ke7 35.Ke2 Kd6 36.Ke3 Re8
37.Kf4 Re5 38.Rc1 Rh5 39.Rg1 Rh2 40.Rg8 Rf2+ 41.Ke3 Rb2 42.Rd8+ Ke7 43.Rc8 Kd7
44.Rf8 Ke7  1/2-1/2

[Event "Jurmala"]
[Site "Jurmala"]
[Date "1978.??.??"]
[Round "5"]
[White "Sahovic, Dragutin"]
[Black "Ligterink, Gert"]
[Result "1/2-1/2"]
[WhiteElo "2490"]
[BlackElo "2440"]

1.d4 Nf6 2.Nf3 g6 3.c4 Bg7 4.Nc3 O-O 5.e4 d6 6.Be2 e5 7.O-O Nc6 8.d5 Ne7
9.b4 Nd7 10.c5 dxc5 11.bxc5 Nxc5 12.Ba3 b6 13.Bxc5 bxc5 14.Na4 f5 15.Nxc5 Qd6
16.Rc1 Kh8 17.Qa4 c6 18.dxc6 Nxc6 19.Rfd1 Nd4 20.Nxd4 exd4 21.Bf3 fxe4 22.Nxe4 Qf4
23.Ng3 Bg4 24.Ne2 Qg5 25.h4 Qxh4 26.Rxd4 h5 27.g3 Qg5 28.Bxg4 Rae8 29.Re4 Rxe4
30.Qxe4 Qxg4 31.Qxg4 hxg4 32.Rc4 Rd8 33.Rxg4 Rd2 34.Nf4 Rxa2 35.Nxg6+ Kg8
36.Nh4 Kf7 37.Nf5 Bf8 38.Rc4 a5 39.g4 a4 40.Rc7+ Kg6 41.Rc8  1/2-1/2

[Event "Jurmala"]
[Site "Jurmala"]
[Date "1978.??.??"]
[Round "13"]
[White "Ligterink, Gert"]
[Black "Westerinen, Heikki MJ"]
[Result "1/2-1/2"]
[WhiteElo "2440"]
[BlackElo "2450"]

1.d4 Nf6 2.c4 g6 3.Nc3 Bg7 4.e4 d6 5.Be2 O-O 6.Nf3 e5 7.O-O Nc6 8.d5 Ne7
9.Ne1 Nd7 10.Nd3 f5 11.Bd2 fxe4 12.Nxe4 Nf5 13.f3 Nd4 14.Ndf2 Nf6 15.Rc1 Bf5
16.Bd3 Nh5 17.c5 dxc5 18.Bg5 Qe8 19.Rxc5 Qd7 20.Qd2 b6 21.Rc3 Nf4 22.Bxf4 exf4
23.Rfc1 Be5 24.Bc4 b5 25.Bf1 Rad8 26.d6 cxd6 27.Rc7 Qe8 28.Rxa7 d5 29.Nc5 Ra8
30.Rxa8 Qxa8 31.Nfd3 Bg7 32.Nxf4 Qxa2 33.Kh1 Rd8 34.Bd3 Bxd3 35.Nfxd3 Nb3
36.Qg5 Rd6 37.Nxb3 Qxb3 38.Ne5 Bf6  1/2-1/2

[Event "Jurmala"]
[Site "Jurmala"]
[Date "1978.??.??"]
[Round "15"]
[White "Ermenkov, Evgenij"]
[Black "Lanka, Zigurds"]
[Result "0-1"]
[WhiteElo "2520"]
[BlackElo "2440"]

1.Nf3 Nf6 2.c4 g6 3.Nc3 Bg7 4.e4 d6 5.d4 O-O 6.Be2 e5 7.O-O Nc6 8.d5 Ne7
9.Ne1 Nd7 10.Nd3 f5 11.Bd2 Nf6 12.f3 f4 13.c5 g5 14.cxd6 cxd6 15.Nf2 h5 16.h3 Ng6
17.Qc2 Rf7 18.Rfc1 a6 19.a4 Bf8 20.a5 g4 21.fxg4 hxg4 22.hxg4 b5 23.axb6 Qxb6
24.Na4 Qa7 25.Ba5 Rb8 26.Bb6 Rxb6 27.Nxb6 Qxb6 28.Qxc8 Nxe4 29.Rf1 Ng3 30.Kh2 Nxe2
31.Qc2 Ne7 32.Qxe2 Nxd5 33.Rxa6 Qb7 34.Rfa1 Ne3 35.Qf3 Qxb2 36.Nh3 Qc2 37.R1a4 Rg7
38.g5 Qb1 39.Ra1 Qf5 40.Ra8 Rf7 41.Re8 d5 42.Kg1 Rb7 43.Kh1 Rh7 44.Kg1 Rf7
45.Rc1 e4 46.Qh5 f3 47.gxf3 Rh7 48.fxe4 dxe4 49.Rxf8+ Kxf8 50.Rc8+ Qxc8 51.Qxh7 Qg4+
52.Kf2 Qf3+ 53.Ke1 Qf1+ 54.Kd2 Qd3+ 55.Ke1 Nc2+ 56.Kf2 e3+ 57.Kf3 Qxh7  0-1

[Event "Las Palmas"]
[Site "Las Palmas"]
[Date "1978.??.??"]
[Round "2"]
[White "Stean, Michael"]
[Black "Westerinen, Heikki MJ"]
[Result "1-0"]
[WhiteElo "2510"]
[BlackElo "2450"]

1.Nf3 Nf6 2.c4 g6 3.Nc3 Bg7 4.e4 d6 5.d4 O-O 6.Be2 e5 7.O-O Nc6 8.d5 Ne7
9.Ne1 Nd7 10.Nd3 f5 11.Bd2 fxe4 12.Nxe4 Nf5 13.Rc1 b6 14.b4 Bb7 15.Ng5 Nd4
16.Bg4 Qe7 17.Ne6 Nxe6 18.Bxe6+ Kh8 19.Re1 c6 20.Qb3 Rfe8 21.dxc6 Bxc6 22.Bd5 Bxd5
23.cxd5 Nf6 24.Bg5 Qf7 25.Bxf6 Qxf6 26.Re4 b5 27.Rc6 a5 28.bxa5 Rxa5 29.Nb4 Rf8
30.Qc2 Raa8 31.Qe2 Bh6 32.g3 Ra3 33.Nd3 Rxd3 34.Qxd3 Qxf2+ 35.Kh1 Qxa2 36.Rc2 Qb1+
37.Kg2 b4 38.Qe2 Qb3 39.Rb2 Qa3 40.Rexb4 Qa7 41.Rb6 Qf7 42.Rxd6 e4 43.Rb1 Qc7
44.Rc6 Qa5 45.Qxe4 Qd2+ 46.Kh3 Rf5 47.Rb8+ Bf8 48.Qxf5 gxf5 49.Rxf8+ Kg7
50.Rxf5 Qd3 51.Rcf6 h5 52.Kh4 Qd1 53.h3 Qe2 54.d6 Qd1 55.Rf7+ Kg8 56.d7  1-0

[Event "Makarczyk mem"]
[Site "Lodz"]
[Date "1978.??.??"]
[Round "12"]
[White "Luczak, Andrzej"]
[Black "Sznapik, Aleksander"]
[Result "1/2-1/2"]
[WhiteElo "2200"]
[BlackElo "2430"]

1.d4 Nf6 2.c4 g6 3.Nc3 Bg7 4.e4 d6 5.Nf3 O-O 6.Be2 e5 7.O-O Nc6 8.d5 Ne7
9.Bd2 Ne8 10.b4 f5 11.exf5 gxf5 12.Rc1 Ng6 13.c5 e4 14.Ne1 Qh4 15.Kh1 Qe7
16.cxd6 cxd6 17.Nc2 f4 18.Re1 Nf6 19.Bf3 Ne5 20.Nxe4 Nd3 21.Re2 Nxc1 22.Bxc1 Ng4
23.Bxg4 Bxg4 24.f3 Bd7 25.Nc5 Be5 26.Nxd7 Qxd7 27.Nd4 Rfc8 28.Ne6 Rc4 29.g3 Rac8
30.Bd2 fxg3 31.f4 Bf6 32.Rg2 Kh8 33.Rxg3 Qf7 34.a3 Rg8 35.Qb3 b5 36.Kg2 Rxg3+
37.hxg3 Qg6 38.Qe3 Qe4+ 39.Qxe4 Rxe4 40.Kf3 Rc4 41.f5 h5 42.Bf4 Be7 43.Be3 Kg8
44.Bxa7 Rc3+ 45.Kf4 Rxa3 46.Bb8 Kf7 47.Nd4 Rd3 48.Ke4 Rxg3 49.Nxb5 Rg4+ 50.Kf3 Rxb4
51.Nxd6+ Kf6 52.Ne4+ Kxf5 53.Ng3+ Kg6 54.Bc7 Bg5 55.Ne4 Rb3+ 56.Kg2 Rd3 57.Nxg5 Kxg5
58.d6 Kg4 59.Kf2 h4 60.Kg2 Rd2+ 61.Kh1 Kh3 62.Bb6 Rxd6 63.Ba7 Rd1+ 64.Bg1 Rd2
65.Bb6 Rh2+ 66.Kg1 Rb2 67.Bc7 Rb1+ 68.Kf2 Rb7 69.Bd6 Rg7 70.Kf1 Rg6 71.Bb8 Rg8
72.Bc7 Rc8 73.Bd6 Rc1+ 74.Kf2 Kg4 75.Kg2 Rd1 76.Bc7 Rd7 77.Bb8 Rd2+ 78.Kg1 Kf3
79.Bc7 Rg2+ 80.Kh1 Rg7 81.Bd6 Kg4 82.Kg2 Rb7 83.Kh2 Rb2+ 84.Kg1 Kh3 85.Bc7  1/2-1/2

[Event "Lone Pine op"]
[Site "Lone Pine"]
[Date "1978.??.??"]
[Round "8"]
[White "Ree, Hans"]
[Black "Browne, Walter S"]
[Result "1/2-1/2"]
[WhiteElo "2500"]
[BlackElo "2550"]

1.d4 Nf6 2.c4 g6 3.Nc3 Bg7 4.e4 d6 5.Nf3 O-O 6.Be2 e5 7.O-O Nc6 8.d5 Ne7
9.Ne1 Nd7 10.Nd3 f5 11.Bd2 Nf6 12.f3 f4 13.c5 g5 14.cxd6 cxd6 15.Nf2 Ng6
16.Qc2 Rf7 17.Rfc1 a6 18.a4 h5 19.h3 b6 20.Ra3 Bf8 21.Na2 Nh4 22.Qd1 Rg7
23.Be1 Qe8 24.Nb4 Qg6 25.Nc6 g4 26.fxg4 hxg4 27.hxg4 Bxg4 28.Nxg4 Nxg4 29.Bxg4 Qxg4
30.Qxg4 Rxg4 31.Bxh4 Rxh4 32.Rb3 Rg4 33.Kf2 b5 34.axb5 axb5 35.Rxb5 Ra4 36.Rb8 Kf7
37.Nxe5+ dxe5 38.Rc7+ Kg8 39.Rcc8 Rg7 40.Rxf8+ Kh7 41.Rh8+ Kg6 42.Kf3 Rd4
43.Rhf8 Rd3+ 44.Kf2 Rd4 45.g3 fxg3+ 46.Kxg3 Rxe4 47.Rb6+ Kh5+ 48.Kf3 Rd4
49.b4 Kg5 50.Re6 Rxd5 51.Ke4 Rd4+ 52.Kxe5  1/2-1/2

[Event "CSR-ch"]
[Site "Marianske Lazne"]
[Date "1978.??.??"]
[Round "9"]
[White "Jankovec, Ivan"]
[Black "Vokac, Marek"]
[Result "0-1"]
[WhiteElo "2370"]
[BlackElo "2200"]

1.Nf3 Nf6 2.c4 g6 3.Nc3 Bg7 4.e4 O-O 5.d4 d6 6.Be2 e5 7.O-O Nc6 8.d5 Ne7
9.b4 Nh5 10.Re1 h6 11.Nd2 Nf4 12.Bf1 f5 13.g3 Nh5 14.exf5 Nxf5 15.Nde4 Nd4
16.Bg2 a5 17.Ba3 axb4 18.Bxb4 b6 19.a4 Ba6 20.Nb5 Bxb5 21.cxb5 Nf6 22.Nc3 Qd7
23.Ra2 Nh7 24.Rd2 Ng5 25.Re3 Qf5 26.Kh1 h5 27.h4 Nh3 28.Ne4 Bh6 29.Red3 Bxd2
30.Rxd2 Nf3 31.Qxf3 Qxf3 32.Bxf3 Rxf3 33.a5 bxa5 34.Kg2 Rb3 35.Bc3 a4 36.Kxh3 a3
37.Ba1 a2 38.Nc3 Rb1 39.Rd1 Rxd1 40.Nxd1 Ra3 41.Nc3 Rb3  0-1

[Event "Niksic"]
[Site "Niksic"]
[Date "1978.??.??"]
[Round "9"]
[White "Vaganian, Rafael A"]
[Black "Uhlmann, Wolfgang"]
[Result "1/2-1/2"]
[WhiteElo "2555"]
[BlackElo "2575"]

1.d4 Nf6 2.c4 g6 3.Nc3 Bg7 4.e4 d6 5.Be2 O-O 6.Nf3 e5 7.O-O Nc6 8.d5 Ne7
9.Ne1 Nd7 10.f3 f5 11.g4 Kh8 12.Nd3 Ng8 13.Kh1 a5 14.Rg1 Rf7 15.g5 f4 16.Bf1 Bf8
17.b3 Be7 18.Nb5 b6 19.Bh3 Nc5 20.Bxc8 Nxd3 21.Qxd3 Qxc8 22.Qf1 h6 23.gxh6 g5
24.a3 Rh7 25.Ra2 Rxh6 26.Rag2 Qd7 27.Bd2 Rf8 28.Be1 Rf7 29.h4 Rfh7 30.Rh2 Nf6
31.Qg2 gxh4 32.Qh3 Qxh3 33.Rxh3 Bd8 34.b4 axb4 35.axb4 Nh5 36.Rg4 Ng3+ 37.Kg2 Rf7
38.Rh2 Kh7 39.Kh3 Nf1 40.Ra2 Ne3 41.Rg1 Nxc4 42.Rag2 Ne3 43.Rg8 Rd7 44.Bc3 Bf6
45.Be1 Rd8 46.Rxd8 Bxd8 47.Bf2 Nc2 48.Nxc7 Nxb4 49.Bxb6 Nc2 50.Rc1 Bxc7 51.Bxc7 Nd4
52.Rf1 Rg6 53.Kxh4 Rg3 54.Bxd6 Nxf3+ 55.Rxf3 Rxf3 56.Bxe5 Rf1 57.d6 Kg6 58.d7 Rd1
59.Bxf4 Rxd7 60.Kg4 Kf6  1/2-1/2

[Event "SVK-ch"]
[Site "Presov"]
[Date "1978.??.??"]
[Round "6"]
[White "Krisko, D."]
[Black "Hlinka, M."]
[Result "0-1"]
[WhiteElo "2255"]
[BlackElo "2225"]

1.d4 Nf6 2.c4 g6 3.Nc3 Bg7 4.e4 d6 5.Be2 O-O 6.Nf3 e5 7.O-O Nc6 8.d5 Ne7
9.b4 Nh5 10.c5 Nf4 11.Bxf4 exf4 12.Rc1 a6 13.a4 Re8 14.cxd6 cxd6 15.Nd2 g5
16.Bg4 Ng6 17.Bf5 Ne5 18.Nf3 Nxf3+ 19.Qxf3 Bxf5 20.exf5 Re5 21.g4 Qb6 22.Rb1 Rae8
23.Kg2 h5 24.h3 h4 25.Qd3 Re3 26.fxe3 Rxe3 27.Qd1 Rg3+ 28.Kh2 Qe3 29.Ne4 Qxe4
30.Qd2 Rd3 31.Qf2 Bd4 32.Rbe1 Qxd5 33.Qc2 Rd2+ 34.Qxd2 Bg1+ 35.Kxg1 Qxd2
36.b5 axb5 37.axb5 Qd3 38.Re8+ Kg7 39.Rf2 Qxh3 40.Re7 Qxg4+ 41.Rg2 Qxf5 42.Rxb7 g4
43.Rb2 Qc5+ 44.Kh2 Qc3 45.Ra2 Qg3+  0-1

[Event "Roskilde"]
[Site "Roskilde"]
[Date "1978.??.??"]
[Round "5"]
[White "Fedder, Steen"]
[Black "Westerinen, Heikki MJ"]
[Result "0-1"]
[WhiteElo "2400"]
[BlackElo "2450"]

1.d4 Nf6 2.c4 g6 3.Nc3 Bg7 4.e4 d6 5.Nf3 O-O 6.Be2 e5 7.O-O Nc6 8.d5 Ne7
9.Ne1 Nd7 10.Nd3 f5 11.Bd2 fxe4 12.Nxe4 Nf5 13.Bg4 Nf6 14.f3 Bd7 15.Ndf2 Nh5
16.Bxh5 gxh5 17.Re1 Qe8 18.Kh1 Qg6 19.Rc1 c5 20.b4 b6 21.a4 Kh8 22.bxc5 bxc5
23.Rb1 Rg8 24.Rg1 Rab8 25.Rxb8 Rxb8 26.Qc2 Nd4 27.Qa2 h4 28.h3 Rg8 29.Bg5 h6
30.Be3 Nf5 31.Bd2 Bf6 32.Nxf6 Ng3+ 33.Kh2 Nf1+ 34.Kh1 Qg3  0-1

[Event "Snekkersten"]
[Site "Snekkersten"]
[Date "1978.??.??"]
[Round "5"]
[White "Larsen, Ole"]
[Black "Hansen, Po"]
[Result "1/2-1/2"]
[WhiteElo "2200"]
[BlackElo "2200"]

1.d4 Nf6 2.c4 g6 3.Nc3 Bg7 4.e4 d6 5.Nf3 O-O 6.Be2 e5 7.O-O Nc6 8.d5 Ne7
9.Ne1 Nd7 10.f3 f5 11.g4 fxg4 12.fxg4 Rxf1+ 13.Kxf1 Nf6 14.Nd3 h6 15.g5 hxg5
16.Bxg5 Nh7 17.Be3 a6 18.Bg4 Nf6 19.Bf3 Qf8 20.Kg1 Bh6 21.Qd2 Kh7 22.Bg5 Bxg5
23.Qxg5 Neg8 24.Rf1 Qh6 25.h4 Kg7 26.Rf2 Qxg5+ 27.hxg5 Nh7 28.Rg2 Bd7 29.Bg4 Bxg4
30.Rxg4 Ne7 31.c5 Rh8 32.b4 Nf8 33.Kg2 Rh5 34.b5 Nd7 35.bxa6 bxa6 36.Na4 Rh8
37.c6 Nb8 38.Nab2 Nbxc6 39.dxc6 Nxc6 40.Rg3 Rh5 41.Nf2 Nd4 42.Nc4 Ne2 43.Rg4 Nf4+
44.Kg3 Ne2+ 45.Kf3 Nd4+ 46.Ke3 Ne6 47.a4 Rxg5 48.Rxg5 Nxg5 49.Nd3 Ne6 50.a5 Kf7
51.Nb4 Nc5 52.Nd5 c6 53.Nb4 Ke6 54.Nxc6 d5 55.N4xe5 dxe4 56.Kd4 Kd6  1/2-1/2

[Event "Rilton Cup"]
[Site "Stockholm"]
[Date "1978.??.??"]
[Round "4"]
[White "Kristiansen, Jens"]
[Black "Miralles, Jose"]
[Result "1/2-1/2"]
[WhiteElo "2395"]
[BlackElo "2300"]

1.Nf3 g6 2.c4 Bg7 3.d4 Nf6 4.Nc3 d6 5.e4 O-O 6.Be2 e5 7.O-O Nc6 8.d5 Ne7
9.Nd2 c5 10.Rb1 Ne8 11.b4 b6 12.a4 f5 13.a5 fxe4 14.Ndxe4 Nf5 15.Qa4 Bd7
16.Qa3 Nf6 17.Bg5 h6 18.Bxf6 Bxf6 19.Nxf6+ Qxf6 20.Ne4 Qh4 21.Bd3 Rad8 22.bxc5 bxc5
23.Rb7 a6 24.Rb6 Bc8 25.Bb1 Qe7 26.Qd3 Kg7 27.f3 Rf7 28.g3 Kh8 29.Qd2 Qf8
30.Kg2 Nd4 31.Qd3 Nf5 32.Rf2  1/2-1/2